00336nam a2200109Ia 4500008004100000082000800041100002400049245003700073942000600110952009500116999001500211240331s9999 xx 000 0 und d bBRI aMcHenry, R. editor 0aBritannica book of the year 1992 cL 001040708LaWERCLbWERCLcSSCd2024-03-31l0o 030 BRIp1261r2024-03-31w2024-03-31yL c3296d3296